000 00792nam a2200277Ia 4500
003 OSt
005 20220927105748.0
006 a|||||r|||| 00| 0
007 ta
008 220926b |||||||| |||| 00| 0 eng d
020 _a9780821371718
024 _a206895
037 _cReference Collections
040 _aRTL
_cRTL
_beng
041 _2eng
_aeng
082 _a"Y9(L:4234).2, P7/GD"
100 _aWORLD BANK
110 _aWORLD BANK
245 0 _aCorporate responses to HIV/AIDS
_b Case studies from India
260 _a"Washington,"
_b"D.C, World Bank, "
_c2007
300 _axiv; 88p.
_ccm.
500 _aBibliography chapterwise
700 _aWORLD BANK
942 _h"Y9(L:4234).2, P7/GD"
_cCC
999 _c694484
_d694484